Κληροδοτήματα : ήτοι μελέτη περί των υπέρ εθνικών και ευαγών σκοπών κληρονομιών, κληροδοτημάτων και δωρεών
Saved in:
| Main Author: | |
|---|---|
| Format: | Book |
| Language: | Greek |
| Published: |
Εν Αθήναις :
Εθνικό Τυπογραφείο,
1914.
|
| Subjects: | |
| Tags: |
Add Tag
No Tags, Be the first to tag this record!
|
MARC
| LEADER | 00000cam a2200000 i 4500 | ||
|---|---|---|---|
| 001 | 1/6270 | ||
| 008 | 000611s1914####gr || ||| | gre|| | ||
| 035 | |l 10061874 | ||
| 040 | |a GR-MY-UA |b gre |e aacr | ||
| 041 | 0 | |a gre | |
| 082 | 0 | |a 346.0509495 | |
| 100 | 1 | |a Παπαχριστόπουλος, Αθανάσιος. | |
| 245 | 1 | 0 | |a Κληροδοτήματα : |b ήτοι μελέτη περί των υπέρ εθνικών και ευαγών σκοπών κληρονομιών, κληροδοτημάτων και δωρεών / |c Αθανασίου Παπαχριστοπούλου. |
| 260 | |a Εν Αθήναις : |b Εθνικό Τυπογραφείο, |c 1914. | ||
| 300 | |a 479 σ. | ||
| 500 | |a Διαθέσιμο στο διαδίκτυο. | ||
| 505 | 0 | |a Τεύχος Α. | |
| 506 | 1 | |a Μόνο για ανάγνωση. |c Βρίσκεται σε κλειστή συλλογή. |c Διαθέσιμο εάν ζητηθεί. | |
| 650 | 0 | 0 | |a Legacies |z Greece. |
| 650 | 0 | 0 | |a Legacies |x Law and legislation |z Greece. |
| 852 | |a INST |b LESVOS |e 20000611 |h 346.0509495 ΠΑΠ |p 005100020887 |q 005100020887 |t BK |y 0 | ||
| 901 | |a BIBL1-2000-2 | ||
| 909 | |a Λ |b 044368 | ||
| 970 | |z 2000/06/ΓΕΩΡΓΙΑ | ||